| 000 | 01541nam0a2200349 i 4500 | ||
|---|---|---|---|
| 001 | RU\NLR\bibl\1954732 | ||
| 005 | 20260405055018.0 | ||
| 010 |
_a9785793108423 _91000 |
||
| 035 | _a(NLR Aleph) 001943819 | ||
| 090 |
_a3601960 _c3601960 |
||
| 100 | _a20101129d2012 u y0rusy50 ca | ||
| 101 | 0 | _arus | |
| 102 |
_aRU _aUA |
||
| 105 | _aa ||||||||| | ||
| 200 | 1 |
_aПрограммирование на языке C для AVR и PIC микроконтроллеров _f[Шпак Ю.А.] |
|
| 205 | _aИзд. 2-е, перераб. и доп. | ||
| 210 |
_aСанкт-Петербург _cКорона-век _aКиев _cМК-Пресс _d2012 |
||
| 215 |
_a531, [2] с. _cил. _d24 _e1 электрон. опт. диск (CD-ROM) |
||
| 300 | _aАвт. указан на обл. | ||
| 300 | _aНа обл.: 2-е изд. | ||
| 320 | _aБиблиогр. в конце кн. (12 назв.) | ||
| 606 | 1 |
_aPIC, микроконтроллеры _xПрограммирование _92476166 _3RU\NLR\auth\661470281 |
|
| 606 | 1 |
_aATMEL AVR, микроконтроллеры _xПрограммирование _92541097 _3RU\NLR\auth\661504378 |
|
| 606 |
_aC, язык программирования _91672093 _3RU\NLR\auth\661040545 |
||
| 686 | _aЗ973.26-018 | ||
| 686 | _aЗ973.2-018.1 | ||
| 700 | 1 |
_4070 _8rus _7ca _aШпак _bЮ.А. _gЮрий Алексеевич _3RU\NLR\auth\7718613 _91689 |
|
| 801 | 0 |
_aRU _bNLR _c20101129 _gRCR |
|
| 801 | 1 |
_aRU _bNLR _c20101129 |
|
| 942 | _cBOOK | ||
| 980 | _aNBR | ||